APPLIED PSYCHOLOGY FOR NURSES (Record no. 3025)

MARC details
000 -LEADER
fixed length control field 00401nam a2200157Ia 4500
008 - FIXED-LENGTH DATA ELEMENTS--GENERAL INFORMATION
fixed length control field 220606s9999 xx 000 0 und d
020 ## - INTERNATIONAL STANDARD BOOK NUMBER
International Standard Book Number 9789354654930
041 ## - LANGUAGE CODE
Language code of text/sound track or separate title eng
082 ## - DEWEY DECIMAL CLASSIFICATION NUMBER
Classification number 150.2461073
100 ## - MAIN ENTRY--PERSONAL NAME
Personal name R SREEVANI
9 (RLIN) 128961
245 ## - TITLE STATEMENT
Title APPLIED PSYCHOLOGY FOR NURSES
250 ## - EDITION STATEMENT
Edition statement FOURTH
260 ## - PUBLICATION, DISTRIBUTION, ETC. (IMPRINT)
Place of publication, distribution, etc. NAGPUR
Name of publisher, distributor, etc. "JAYPEE PUBLICATION,NAGPUR"
Date of publication, distribution, etc. 2022
300 ## - PHYSICAL DESCRIPTION
Extent 284
650 ## - SUBJECT ADDED ENTRY--TOPICAL TERM
Topical term or geographic name as entry element PSYCHOLOGY
9 (RLIN) 128962
Holdings
Withdrawn status Lost status Damaged status Not for loan Home library Current library Date acquired Cost, normal purchase price Total Checkouts Total Renewals Full call number Barcode Date last seen Date last checked out Bill Date Koha item type Source of classification or shelving scheme Vendor Cost, replacement price Original Barcode Checked out
        Sitabai Nargundkar College of Nursing Nagpur Sitabai Nargundkar College of Nursing Nagpur 27/05/2022 595.00 35 6 150.2461073 SNCN-DB-9 20/03/2026 17/03/2026 06/06/2022 Donated Book          
        Sitabai Nargundkar College of Nursing Nagpur Sitabai Nargundkar College of Nursing Nagpur 20/05/2023 371.88 24 4 610.73/SRE SNCN-BK-3224 20/03/2026 16/03/2026 20/05/2023 Books Dewey Decimal Classification 102 595.00 3224  
        Sitabai Nargundkar College of Nursing Nagpur Sitabai Nargundkar College of Nursing Nagpur 20/05/2023 371.88 22 4 610.73/SRE SNCN-BK-3228 30/03/2026 30/03/2026 20/05/2023 Books Dewey Decimal Classification 102 595.00 3228 19/05/2026
        Sitabai Nargundkar College of Nursing Nagpur Sitabai Nargundkar College of Nursing Nagpur 20/05/2023 371.88 12 1 610.73/SRE SNCN-BK-3227 15/10/2024 01/10/2024 20/05/2023 Books Dewey Decimal Classification 102 595.00 3227  
        Sitabai Nargundkar College of Nursing Nagpur Sitabai Nargundkar College of Nursing Nagpur 20/05/2023 371.88 16 6 610.73/SRE SNCN-BK-3232 06/12/2025 21/11/2025 20/05/2023 Books Dewey Decimal Classification 102 595.00 3232  
        Sitabai Nargundkar College of Nursing Nagpur Sitabai Nargundkar College of Nursing Nagpur 20/05/2023 371.88 28 4 610.73/SRE SNCN-BK-3223 02/12/2025 21/11/2025 20/05/2023 Books Dewey Decimal Classification 102 595.00 3223  
        Sitabai Nargundkar College of Nursing Nagpur Sitabai Nargundkar College of Nursing Nagpur 20/05/2023 371.88 16 2 610.73/SRE SNCN-BK-3233 13/12/2024 13/12/2024 20/05/2023 Books Dewey Decimal Classification 102 595.00 3233 30/12/2024
        Sitabai Nargundkar College of Nursing Nagpur Sitabai Nargundkar College of Nursing Nagpur 20/05/2023 371.88 24 4 610.73/SRE SNCN-BK-3236 13/05/2026 06/03/2026 20/05/2023 Books Dewey Decimal Classification 102 595.00 3236  
        Sitabai Nargundkar College of Nursing Nagpur Sitabai Nargundkar College of Nursing Nagpur 20/05/2023 371.88 26 4 610.73/SRE SNCN-BK-3231 30/03/2026 30/03/2026 20/05/2023 Books Dewey Decimal Classification 102 595.00 3231 24/04/2026
        Sitabai Nargundkar College of Nursing Nagpur Sitabai Nargundkar College of Nursing Nagpur 20/05/2023 371.88 26 7 610.73/SRE SNCN-BK-3226 20/03/2026 17/03/2026 20/05/2023 Books Dewey Decimal Classification 102 595.00 3226  
        Sitabai Nargundkar College of Nursing Nagpur Sitabai Nargundkar College of Nursing Nagpur 20/05/2023 371.88 23 4 610.73/SRE SNCN-BK-3229 23/03/2026 23/03/2026 20/05/2023 Books Dewey Decimal Classification 102 595.00 3229 17/04/2026
        Sitabai Nargundkar College of Nursing Nagpur Sitabai Nargundkar College of Nursing Nagpur 20/05/2023 371.88 25 3 610.73/SRE SNCN-BK-3230 18/02/2026 05/02/2026 20/05/2023 Books Dewey Decimal Classification 102 595.00 3230  
        Sitabai Nargundkar College of Nursing Nagpur Sitabai Nargundkar College of Nursing Nagpur 20/05/2023 371.88 15 4 610.73/SRE SNCN-BK-3225 29/11/2024 15/11/2024 20/05/2023 Books Dewey Decimal Classification 102 595.00 3225  
        Sitabai Nargundkar College of Nursing Nagpur Sitabai Nargundkar College of Nursing Nagpur 20/05/2023 371.88 18 3 610.73/SRE SNCN-BK-3234 30/01/2026 30/01/2026 20/05/2023 Books Dewey Decimal Classification 102 595.00 3234 16/02/2026
        Sitabai Nargundkar College of Nursing Nagpur Sitabai Nargundkar College of Nursing Nagpur 20/05/2023 371.88 21 4 610.73/SRE SNCN-BK-3235 24/11/2025 24/11/2025 20/05/2023 Books Dewey Decimal Classification 102 595.00 3235 24/12/2025